000 00614nam a22001337a 4500
040 _cRUA
082 _aGRS CHA 2017 B641 Or.1
100 _aCHAN SOPHON ចាន់ សុផន
245 _apapaya production in phomthorm commune keansvay district kandal province ផលិតកម្មដំណាំល្ហុងនៅឃុំភូមិធំ ស្រុកកើនស្វាយ ខេត្តកណ្តាល
260 _aRUA
_bPhnom penh
_c2017
300 _aviii;30p
_bill;
_c29cm
856 _uhttps://drive.google.com/file/d/1pDnCu_vzFRNT71gyQ5fH3J7TVUS1iDUs/view?usp=sharing
942 _cGRS
999 _c18076
_d18076